| 000 | 00684nam a2200205Ia 4500 | ||
|---|---|---|---|
| 999 |
_c41111 _d41111 |
||
| 001 | 7761 | ||
| 003 | GE_BSU | ||
| 005 | 20221114145415.0 | ||
| 008 | 181216s2011en xx |||||||||||||| ||eng|| | ||
| 020 | _a9780071289511x | ||
| 040 | _cGE_BSU | ||
| 041 | _aeng | ||
| 080 | _a690 C-74 | ||
| 245 |
_aConstruction Planning Equipment,and Methods / _cRobert L.Peurifoy, Clifford J. |
||
| 264 |
_aNew York : _bMc Graw-Hill, _c2011. |
||
| 300 |
_a800 p. ; _b Ill; _c24 cm. |
||
| 653 | _aConstruction Planning Equipment,and Methods | ||
| 653 | _aმშენებლობის დაგეგმვის აღჭურვილობა და მეთოდები | ||
| 942 |
_cBK _2udc |
||